000 00633nam a2200241Ia 4500
003 OSt
005 20221005060312.0
006 a|||||r|||| 00| 0
007 ta
008 221004b |||||||| |||| 00| 0 eng d
024 _a58055
037 _cTextual
040 _aCRL
_cCRL
_beng
041 _2eng
_aeng
082 _aT:47.73, N2
100 _aThomas Gary
_932484
245 0 _aEffective classroom team work
_b Support or intrusion.
260 _aLondon
_bRoutledge
_c1992
300 _a242p.
_ccm.
650 _aEDUCATION
942 _hT:47.73, N2
_cTEXL
_2cc
999 _c966501
_d966501